Hino do São Paulo - Statistics

Estatísticas Gerais
  • Esse quiz foi jogado 294 vezes
  • A pontuação média é 93 de 123
Estatísticas das Respostas
Resposta % Correto
o
99%
tricolor
98%
Tricolor
98%
paulista
97%
Salve
96%
Amado
95%
amado
95%
clube
95%
Clube
95%
brasileiro
93%
Tu
93%
tu
93%
és
92%
grande
89%
forte,
86%
primeiro
84%
do
82%
os
82%
passado
79%
Vêm
78%
As
77%
grandes
77%
De
76%
glórias
76%
bem
75%
tuas
74%
Dentre
69%
São
58%
Oh,
56%
Paulo
51%
te
45%
Que
41%
nome
40%
teus
39%
tens
38%
brasileiros
34%
guias
33%
amam
32%
dignamente
32%
ostentas
27%
ternamente
22%
Nenhum quiz correspondente encontrado
Distribuição das Pontuações
Porcentagem de Pessoas com Cada Pontuação
Percentil de Números Respondidos
Sua Pontuação Histórica
Você não jogou esse quiz